| 000 | 01615cam a22004814i 4500 | ||
|---|---|---|---|
| 003 | PE-LiUPU | ||
| 005 | 20250731173057.0 | ||
| 008 | 150623s r 000 0 d | ||
| 020 | _a1563380692 | ||
| 035 | _a(Sirsi) i9781563380693 | ||
| 040 |
_aPE-LiUPU _bspa _cPE-LiUPU _erda |
||
| 049 | _aPRUA | ||
| 082 | 0 | 4 |
_a291 _bR26 _221 |
| 100 | 1 |
_aRaush, David A., _eautor. |
|
| 245 | 1 | 0 |
_aWorld religions : _bour quest for meaning / _cDavid A. Rush. |
| 264 | 1 |
_aHarrisburg, Pennsylvania : _bTrinity Press International, _c1993. |
|
| 300 |
_a212 páginas : _bilustraciones, gráficos ; _c22 centímetros |
||
| 336 |
_atext _2rdacontent |
||
| 337 |
_aunmediated _2rdamedia |
||
| 338 |
_avolume _2rdacarrier |
||
| 490 | 0 | _aA.Pathways Book | |
| 504 | _aIncluye bibliografía. | ||
| 505 | 0 | _aAncient traditions. -Hinduism. -Jainism. -Buddhism. -Confucianism. -Shinto. -Judaism. -Christianity. -Islam. -Conclusion. | |
| 526 | _aSEG42 | ||
| 526 | _aSEG41 | ||
| 526 | _aSEG40 | ||
| 526 | _aSEG39 | ||
| 526 | _aP94 | ||
| 526 | _aP87 | ||
| 526 | _aP86 | ||
| 526 | _aP85 | ||
| 526 | _aP77 | ||
| 526 | _aP76 | ||
| 526 | _aP35 | ||
| 650 | 0 | 4 | _aReligiones. |
| 700 | 1 | _aVoss, Carl Hermann. | |
| 942 |
_2ddc _cBOOK |
||
| 949 |
_a291 R26 _wDEWEY _c1 _i48630 _lCCODEBUL1 _mBUL _r0 _sY _tBOOK _u2015-6-24 _xTEOLOGIA _PP35 _0COMPRA _o.STAFF. Colección General |
||
| 994 |
_aC0 _bPEPRU |
||
| 596 | _a1 | ||
| 999 |
_a291 R26 _wDEWEY _c27800 _i48630 _f2021-11-11 _g5 _lCCODEBUL1 _mBUL _r0 _sY _tBOOK _u2015-6-24 _xTEOLOGIA _PP35 _0COMPRA _o.STAFF. Colección General _d27800 |
||
| 980 |
_81 _gALBERTO SANCHEZ Responsable de Automatización |
||